00571nam a2200133Ia 4500008004100000020001800041100004000059245016500099260002700264650001200291856004200303999001900345952007300364171212s9999 xx 000 0 und d a9780833033437 aOrtiz, David S.;Sollinger, Jerry M. cOrtiz, David S.;Sollinger, Jerry M.aE-Vision 2002, Shaping Our Future by Reducing Energy Intensity in the U.S. Economy, Volume IbProceedings of the Conference bRAND Corporationc2003 aPhysics uwww.jstor.org/stable/10.7249/cf184doe c352056d352056 001040aCLbCLd2017-12-12l0r2017-12-12 00:00:00w2017-12-12yCBE